<?xml version="1.0" encoding="UTF-8"?>
<marc:record xmlns:marc="http://www.loc.gov/MARC21/slim">
   <marc:leader>00000nam a2200000 a 4500</marc:leader>
   <marc:datafield ind1="1" ind2=" " tag="100">
      <marc:subfield code="a">Buddée, Gisela</marc:subfield>
      <marc:subfield code="4">aut</marc:subfield>
      <marc:subfield code="e">Verfasser/-in</marc:subfield>
   </marc:datafield>
   <marc:datafield ind1=" " ind2=" " tag="653">
      <marc:subfield code="a">Cannes</marc:subfield>
   </marc:datafield>
   <marc:datafield ind1=" " ind2=" " tag="653">
      <marc:subfield code="a">Monaco</marc:subfield>
   </marc:datafield>
   <marc:datafield ind1=" " ind2=" " tag="653">
      <marc:subfield code="a">Nizza</marc:subfield>
   </marc:datafield>
   <marc:datafield ind1=" " ind2=" " tag="653">
      <marc:subfield code="a">Saint-Tropez</marc:subfield>
   </marc:datafield>
   <marc:datafield ind1=" " ind2=" " tag="653">
      <marc:subfield code="a">Softcover / Reiseführer/Europa</marc:subfield>
   </marc:datafield>
   <marc:datafield ind1=" " ind2=" " tag="653">
      <marc:subfield code="a">Führer</marc:subfield>
   </marc:datafield>
   <marc:datafield ind1="0" ind2="0" tag="245">
      <marc:subfield code="a">Nizza, Monaco, Cannes, Saint-Tropez</marc:subfield>
   </marc:datafield>
   <marc:datafield ind1="0" ind2="0" tag="245">
      <marc:subfield code="b">mit Extra-Karte</marc:subfield>
   </marc:datafield>
   <marc:datafield ind1="0" ind2="0" tag="245">
      <marc:subfield code="c">Gisela Buddée</marc:subfield>
   </marc:datafield>
   <marc:datafield ind1=" " ind2="1" tag="264">
      <marc:subfield code="a">München</marc:subfield>
      <marc:subfield code="b">Travel-House-Media</marc:subfield>
      <marc:subfield code="c">2015</marc:subfield>
   </marc:datafield>
   <marc:datafield ind1="1" ind2=" " tag="490">
      <marc:subfield code="a">Merian live!</marc:subfield>
   </marc:datafield>
   <marc:datafield ind1=" " ind2=" " tag="250">
      <marc:subfield code="a">1. Aufl.</marc:subfield>
   </marc:datafield>
   <marc:datafield ind1="1" ind2=" " tag="520">
      <marc:subfield code="a">Angaben aus der Verlagsmeldung

Côte d’Azur : MERIAN live! - Mit Extra-Karte zum Herausnehmen / von Gisela Buddée

Die Côte d´Azur - das sind Nizza, Monte Carlo, Cannes und St. Tropez, kilometerlange Sandstrände und eine atemberaubende Landschaft. Die Küste steht immer noch für Jet-Set und Luxus, doch muss man kein Millionär sein, um die Gegend zu erleben: Nizza mit seinen stilvollen Palästen der Belle Époque, Monaco, das steinerne Fürstentum am Meer, Cannes mit der berühmten Croisette und Saint-Tropez als Städtchen der Maler, Stars und Dichter.

Kompakt und übersichtlich bietet MERIAN live! alles Wissenswerte für einen gelungenen Aufenthalt in Nizza:
- MERIAN-TopTen: Die 10 wichtigsten Sehenswürdigkeiten auf einen Blick
- MERIAN-TopTen 360°: Umgebungskarten mit ausgewählten MERIAN-TopTen und umliegenden Kultur-,
Restaurant- und Shoppingadressen
- Mit 10 MERIAN-Tipps die weniger bekannten Seiten der Stadt entdecken
- FotoTipps für lohnenswerte Motive
- Fundierte Beschreibungen aller wichtigen Orte, Sehenswürdigkeiten und Museen von A bis Z
- Empfehlungen für Übernachten, Essen und Trinken, Einkaufen, Ausgehen sowie Tipps für den
umweltbewussten Urlaub
- Zahlreiche Ideen für abwechslungsreiches Reisen mit Kindern
- Mit praktischer Extra-Karte zum Herausnehmen
</marc:subfield>
   </marc:datafield>
   <marc:datafield ind1=" " ind2=" " tag="020">
      <marc:subfield code="a">9783834219930</marc:subfield>
      <marc:subfield code="9">9783834219930</marc:subfield>
   </marc:datafield>
   <marc:datafield ind1=" " ind2=" " tag="020">
      <marc:subfield code="a">3834219932</marc:subfield>
      <marc:subfield code="9">3834219932</marc:subfield>
   </marc:datafield>
   <marc:datafield ind1=" " ind2=" " tag="041">
      <marc:subfield code="a">ger</marc:subfield>
   </marc:datafield>
   <marc:datafield ind1=" " ind2=" " tag="300">
      <marc:subfield code="a">128 S.</marc:subfield>
   </marc:datafield>
</marc:record>
